Trouve la marque de voiture juste avec ses jantes - Statistiques

Statistiques générales
  • Ce quiz a été pris 182 fois
  • Le résultat moyen est 22 sur 30
Statistiques - réponses
Par images Réponse % Correct
Alpine
93%
BMW
93%
Chevrolet
91%
Aston Martin
90%
Audi
90%
Bentley
90%
Ferrari
90%
Mercedes
89%
Ford
88%
Honda
88%
Lamborghini
88%
Porsche
87%
Lexus
86%
Nissan
86%
Renault
86%
Maserati
85%
Peugeot
85%
Tesla
85%
Bugatti
83%
Rolls Royce
81%
Mitsubishi
79%
Mansory
76%
Jaguar
75%
Brabus
70%
Pagani
59%
Koenigsegg
45%
Corvette
24%
Dodge
8%
McLaren
5%
Apollo Gumpert
0%
Aucun quiz correspondant
Distribution des résultats
% des personnes avec chaque résultat
Percentile par nombre de réponses
Votre historique - résultats
Vous n’avez pas pris ce quiz